| 000 | 01508nam a2200265 a 4500 | ||
|---|---|---|---|
| 001 | 000356209 | ||
| 003 | AM-YeHGA | ||
| 005 | 20250618075746.0 | ||
| 008 | 040810s2004 ai r 000 0 rus d | ||
| 020 | _a9994100734 | ||
| 040 | _aAM-YeHGA | ||
| 041 | 0 | _arus | |
| 100 | 1 | _aЕрнджакян, Ара | |
| 245 | 1 | 0 |
_aПессимистические комедии / _cАра Ернджакян; Предисл. С. Мелоян. |
| 260 |
_aЕреван : _bТигран Мец, _c2004. |
||
| 300 |
_aВ кн. ; _c21 см. |
||
| 500 | _aАвтор выражает глубокую признательность ЗАО "Ереван Пиво" ("Киликия") и лично Ашоту Геворковичу Багдасаряну за помощь в издании книги | ||
| 500 | _aСодерж.: Соната для виолончели соло; Алхимик; Волк и семеро козлят, или Еще раз про козлов; Срок - семь дней; История трех преступлений; Кто есть кто в пьесе Шекспира "Гамлет": К интерпретаци образа Горацио в пьесе Шекспира "Гамлет". | ||
| 505 | 0 | 0 | _gКн. 1 (2004 , 374 с.) |
| 600 | 1 | 4 |
_aՇեքսպիր, Ուիլյամ, _d1564-1616 _94634 |
| 650 | 1 | 4 |
_aАрмянская литература _xДраматургия |
| 700 | 1 |
_aМелоян, Сона _eпредисл. _4aui |
|
| 942 |
_2udc _cBK |
||
| 090 | _c496755 | ||
| 999 |
_c493371 _d493371 |
||